[Event "AUTO-ADV-4490"]
[Site "http://www.queenalice.com/game.php?id=1684048"]
[Date "2021.4.25"]
[Round "1"]
[White "Tutankamon1"]
[Black "CERVERO"]
[Result "1-0"]
[WhiteElo "1778"]
[BlackElo "1805"]

1. e4 e5 2. Nf3 d6 3. Bc4 Nf6 4. d3 Bg4 5. h3 Bh5 6. g4 Bg6 7. Nh4 Be7 8. Nxg6
hxg6 9. Nc3 c6 10. Be3 b5 11. Bb3 a5 12. a3 a4 13. Ba2 Nbd7 14. Bg5 Nh7 15. Bxe7
Qxe7 16. Qf3 Ng5 17. Qe3 Ne6 18. Bxe6 Qxe6 19. O-O-O f6 20. Rhf1 g5 21. Qf3 Ke7
22. d4 1-0

[Event "AUTO-OPEN-4276"]
[Site "http://www.queenalice.com/game.php?id=1686883"]
[Date "2021.4.25"]
[Round "1"]
[White "Pin"]
[Black "Tutankamon1"]
[Result "1-0"]
[WhiteElo "1904"]
[BlackElo "1812"]

1. e4 e5 2. Nf3 d6 3. d4 Bg4 4. Bc4 Bxf3 5. Qxf3 Qf6 6. Qb3 exd4 7. Qxb7 Qd8 8.
Qxa8 a6 9. Qd5 Qf6 10. Bg5 Qg6 11. e5 dxe5 12. Qd8# 1-0

[Event "AUTO-OPEN-4276"]
[Site "http://www.queenalice.com/game.php?id=1686884"]
[Date "2021.4.25"]
[Round "1"]
[White "Tutankamon1"]
[Black "Pin"]
[Result "0-1"]
[WhiteElo "1795"]
[BlackElo "1869"]

1. e4 c5 2. Bc4 e6 3. Nf3 d5 4. exd5 exd5 5. Qe2+ Be7 6. Bb5+ Nc6 7. Bxc6+ bxc6
8. O-O Nf6 9. d3 O-O 10. Ne5 Bb7 11. Re1 Re8 12. Bf4 Bd6 13. Qf3 Qc7 14. Qe2 Nd7
15. Qh5 Nxe5 16. c3 Nxd3 17. Rxe8+ Rxe8 18. g3 Bxf4 19. gxf4 Re1+ 20. Kg2 Nxf4+
21. Kf3 Nxh5 22. Kg2 Qf4 23. f3 Qh4 24. a3 Nf4# 0-1

[Event "AUTO-OPEN-4276"]
[Site "http://www.queenalice.com/game.php?id=1686907"]
[Date "2021.4.25"]
[Round "1"]
[White "Tutankamon1"]
[Black "Castling"]
[Result "0-1"]
[WhiteElo "1808"]
[BlackElo "1532"]

1. e4 e5 2. Nf3 d6 3. Bc4 h6 4. d3 a6 5. h3 Qe7 6. Nc3 Be6 7. Bxe6 Qxe6 8. Nd5
Qd7 9. Be3 Nc6 10. O-O Nf6 11. Nxf6+ gxf6 12. d4 O-O-O 13. d5 Ne7 14. c4 Rg8 15.
b3 Qxh3 16. g3 Ng6 17. Nh2 Nh4 18. Kh1 Qg2# 0-1

[Event "AUTO-OPEN-4276"]
[Site "http://www.queenalice.com/game.php?id=1686908"]
[Date "2021.4.25"]
[Round "1"]
[White "Castling"]
[Black "Tutankamon1"]
[Result "0-1"]
[WhiteElo "1676"]
[BlackElo "1754"]

1. e4 e5 2. Bc4 Nf6 3. d3 h6 4. Nf3 Nc6 5. a3 Bd6 6. Nc3 Na5 7. Ba2 O-O 8. Bd2
Re8 9. Nd5 Nc6 10. Qe2 Nxd5 11. Bxd5 Ne7 12. O-O-O Nxd5 13. exd5 Qf6 14. Qe4 b6
15. Rhe1 Bb7 16. Be3 Rac8 17. h4 c6 18. Nd2 cxd5 19. Qf3 Qxh4 20. Rh1 Qe7 21.
Nf1 Bc6 22. d4 e4 23. Qe2 a6 24. Qxa6 b5 25. Qa5 Ra8 26. Qd2 Qf6 27. Ng3 Bxg3
28. fxg3 Qe7 29. g4 Qe6 30. g5 hxg5 31. Bxg5 f6 32. Be3 Kf7 33. Rh7 Rh8 34. Rdh1
Rxh7 35. Rxh7 Kg6 36. Rh3 Kf7 37. Rh7 Kg6 38. Rh3 Rg8 39. Qf2 Kf7 40. Rh7 Ke8
41. Qh4 Kd8 42. b4 g5 43. Qh5 Qe8 44. Qf7 Qxf7 45. Rxf7 Rg6 46. g4 Ke8 47. Rh7
Kf8 48. Kb2 Kg8 49. Rh1 Kg7 50. c3 d6 51. Kc2 Bd7 52. Rg1 Rh6 53. Rg2 Rh4 54.
Bf2 Rxg4 55. Rxg4 Bxg4 56. Kd2 Kg6 57. Ke3 f5 58. Kd2 f4 59. Bg1 e3+ 60. Ke1 Kf5
61. Bh2 Ke4 62. Bg1 Kd3 63. c4 dxc4 0-1

[Event "AUTO-OPEN-4276"]
[Site "http://www.queenalice.com/game.php?id=1686909"]
[Date "2021.4.25"]
[Round "1"]
[White "Tutankamon1"]
[Black "chessman"]
[Result "0-1"]
[WhiteElo "1764"]
[BlackElo "1914"]

1. d4 d5 2. Nc3 Nf6 3. Bg5 e6 4. Nf3 Be7 5. e3 c5 6. Bxf6 gxf6 7. Bb5+ Bd7 8.
Bxd7+ Nxd7 9. O-O cxd4 10. exd4 Qc7 11. Re1 a6 12. Qe2 Bb4 13. Qd3 Rc8 14. Re3
Bxc3 15. bxc3 Nb6 16. Nd2 Nc4 17. Nxc4 Qxc4 18. Rh3 Qxd3 19. Rxd3 Rc4 20. Rb1 b5
21. Rb4 Kd7 22. Rb3 Rhc8 23. h3 Kc6 24. Rb4 Kb6 25. Rxc4 bxc4 26. Rf3 f5 27. Rf4
Rh8 28. a4 Ka5 29. Rh4 h6 30. f4 Kxa4 31. g4 fxg4 32. hxg4 Ka3 33. g5 h5 34. Kf2
Kb2 35. Ke2 Kxc3 36. f5 exf5 37. Rf4 Rh7 38. Rxf5 Kxd4 39. c3+ Kxc3 40. Rxd5 h4
41. Ra5 h3 42. Kf2 h2 43. Ra1 h1=Q 44. Rxh1 Rxh1 45. Kf3 Kd2 46. Kf4 c3 0-1

[Event "AUTO-OPEN-4276"]
[Site "http://www.queenalice.com/game.php?id=1686910"]
[Date "2021.4.25"]
[Round "1"]
[White "chessman"]
[Black "Tutankamon1"]
[Result "1-0"]
[WhiteElo "1988"]
[BlackElo "1771"]

1. e4 e5 2. Nf3 d6 3. d4 Bg4 4. dxe5 dxe5 5. Qxd8+ Kxd8 6. Nxe5 Be6 7. Nf3 a6 8.
Bd3 Nc6 9. O-O h6 10. Nc3 Bg4 11. Re1 Bxf3 12. gxf3 Nd4 13. Kg2 Bb4 14. Be3 c5
15. Bd2 b5 16. Nb1 Bxd2 17. Nxd2 c4 18. c3 Nxf3 19. Nxf3 cxd3 20. Rad1 Nf6 21.
Rxd3+ Ke7 22. Nd4 Rac8 23. Nf5+ Kf8 24. Red1 g6 25. Rd8+ Rxd8 26. Rxd8+ Ne8 27.
Nd6 Ke7 28. Rxe8+ Kxd6 29. Rxh8 h5 30. Ra8 Ke5 31. f3 Kf4 32. Rxa6 g5 33. Rf6+
Ke5 34. Rxf7 Ke6 35. Rf5 g4 36. fxg4 hxg4 37. Rd5 1-0

[Event "AUTO-ADV-4512"]
[Site "http://www.queenalice.com/game.php?id=1762739"]
[Date "2021.6.22"]
[Round "1"]
[White "Ricardoabreu"]
[Black "Tutankamon1"]
[Result "1-0"]
[WhiteElo "1749"]
[BlackElo "1757"]

1. b3 e5 2. Bb2 d6 3. g3 Bd7 4. Bg2 Bc6 5. Bxc6+ Nxc6 6. e3 Nf6 7. a3 d5 8. Nf3
e4 9. Ne5 Nxe5 10. Bxe5 Be7 11. d3 O-O 12. Nc3 Bd6 13. Bxd6 Qxd6 14. Nb5 Qb6 15.
a4 Qa5+ 16. Qd2 Qxd2+ 17. Kxd2 c6 18. Nd6 Rab8 19. Nf5 Ng4 20. Ke2 g6 21. Nh4 f5
22. h3 Nf6 23. Ng2 a5 24. Nf4 g5 25. Ng2 exd3+ 26. cxd3 Rfe8 27. d4 Ne4 28. Rac1
Re6 29. h4 g4 30. Nf4 Re7 31. Nh5 Rc8 32. Rc2 Kf7 33. Nf4 Rec7 34. Rhc1 Ke7 35.
Nh5 Kf7 36. Nf4 Nf6 37. Rc5 Ne4 38. Rxa5 b6 39. Ra6 b5 40. axb5 cxb5 41. Rxc7+
Rxc7 42. Nxd5 Nc3+ 43. Nxc3 Rxc3 44. Rh6 Kg7 45. Rh5 Kg6 46. Rg5+ Kf6 47. Rh5
Kg6 48. Rg5+ Kf6 49. Rh5 Rc7 50. Kd3 Kg6 51. Rg5+ Kf6 52. Rh5 Rg7 53. Rh6+ Kf7
54. Rb6 h5 55. Rxb5 Kf6 56. Rb6+ Kf7 57. Rb7+ Kf6 58. Rxg7 Kxg7 59. Kc4 Kf6 60.
Kd5 Kf7 61. Kd6 Kf6 62. b4 f4 63. exf4 Kf5 64. b5 Ke4 65. b6 Kxd4 66. b7 1-0

[Event "AUTO-ADV-4512"]
[Site "http://www.queenalice.com/game.php?id=1762740"]
[Date "2021.6.22"]
[Round "1"]
[White "Tutankamon1"]
[Black "Ricardoabreu"]
[Result "0-1"]
[WhiteElo "1775"]
[BlackElo "1731"]

1. e4 b6 2. d4 e6 3. e5 Bb7 4. Nf3 f6 5. a3 Nc6 6. Nc3 fxe5 7. dxe5 g6 8. Bb5 a6
9. Bxc6 Bxc6 10. O-O h6 11. Nd4 Bb7 12. Qg4 g5 13. Qh5+ Ke7 14. Qg6 Qe8 15.
Qxe8+ Rxe8 16. Be3 Bg7 17. f4 gxf4 18. Bxf4 Rf8 19. Rf2 h5 20. g3 Nh6 21. Raf1
Ng4 22. Bg5+ Ke8 23. Rxf8+ Rxf8 24. Rxf8+ Kxf8 25. Bd8 Bxe5 26. Nde2 Ne3 27. Kf2
Nxc2 28. Nf4 Bxf4 29. gxf4 Nd4 30. Bxc7 b5 31. Be5 Nf5 32. Ne2 Nh4 33. Kg3 Nf5+
34. Kf2 h4 35. h3 d6 36. Bc3 Kf7 37. Nd4 Nxd4 38. Bxd4 Kg6 39. Bc3 Kf5 40. Kg1
e5 41. fxe5 dxe5 42. Kf2 Ke4 43. b4 Bc8 44. Kg2 Kf4 45. Kf2 e4 46. Bd2+ Ke5 47.
Kg2 Kd4 48. Kf2 Bxh3 49. Bg5 Bg4 50. Bxh4 e3+ 51. Ke1 Kd3 52. Bg5 e2 53. Bd2 Kc2
54. Be3 Kb3 55. Bc1 Kc2 56. Bd2 Kb2 57. Kf2 Kxa3 58. Be1 Kb3 59. Kg3 Bh5 60. Kh4
Bg6 61. Kg5 Bd3 62. Kf4 Kc2 63. Ke3 Bc4 64. Bd2 Kd1 65. Bc3 e1=Q+ 66. Bxe1 Kxe1
67. Kd4 Kd2 68. Kc5 Kc3 69. Kb6 Kxb4 70. Kxa6 Ka4 71. Kb6 b4 72. Kc5 Bg8 73. Kd4
Ka3 74. Kd3 b3 75. Kc3 Ka2 0-1

[Event "AUTO-ADV-4512"]
[Site "http://www.queenalice.com/game.php?id=1762752"]
[Date "2021.6.22"]
[Round "1"]
[White "Tutankamon1"]
[Black "CERVERO"]
[Result "1-0"]
[WhiteElo "1799"]
[BlackElo "1640"]

1. e4 c5 2. d4 cxd4 3. Qxd4 Nc6 4. Qc3 d6 5. h3 Nf6 6. Qf3 Nd4 7. Qd3 Nc6 8. Bg5
h6 9. Bxf6 exf6 10. Nf3 Be7 11. Qc3 Be6 12. Bc4 1-0

[Event "AUTO-ADV-4512"]
[Site "http://www.queenalice.com/game.php?id=1762759"]
[Date "2021.6.22"]
[Round "1"]
[White "Tutankamon1"]
[Black "kuntakinte"]
[Result "0-1"]
[WhiteElo "1827"]
[BlackElo "1725"]

1. e4 e5 2. Nf3 d6 3. Bc4 h6 4. d3 Nf6 5. h3 Qe7 6. Nc3 c6 7. a3 b5 8. Ba2 a6 9.
O-O a5 10. Re1 Qb7 11. b4 Be7 12. Bb3 O-O 13. Be3 a4 14. Ba2 Nbd7 15. d4 c5 16.
dxc5 dxc5 17. bxc5 Bxc5 18. Bxc5 Nxc5 19. Qd6 Ncxe4 20. Nxe4 Nxe4 21. Qxe5 Nf6
22. Rab1 Bd7 23. Rbd1 Rae8 24. Qd4 Rxe1+ 25. Rxe1 Bxh3 26. Qe3 Bg4 27. Ne5 Bh5
28. f3 Bg6 29. Nxg6 Re8 30. Qf2 Qd7 31. Ne5 Rxe5 32. Rxe5 Qd1+ 33. Kh2 Qd6 34.
f4 Ng4+ 35. Kg3 Nxf2 36. Kxf2 Qd2+ 37. Re2 Qxf4+ 38. Kg1 Qc1+ 39. Kh2 Qxa3 40.
Bd5 Qd6+ 41. Kg1 Qxd5 42. Kh2 Qh5+ 43. Kg1 Qxe2 0-1

[Event "AUTO-ADV-4512"]
[Site "http://www.queenalice.com/game.php?id=1762760"]
[Date "2021.6.22"]
[Round "1"]
[White "kuntakinte"]
[Black "Tutankamon1"]
[Result "0-1"]
[WhiteElo "1747"]
[BlackElo "1793"]

1. e4 e5 2. Bc4 Nf6 3. d3 Bc5 4. c3 d6 5. h3 O-O 6. b4 Bb6 7. Nf3 a6 8. O-O Nc6
9. Bg5 h6 10. Bh4 Qe7 11. a3 Be6 12. b5 axb5 13. Bxb5 Na7 14. c4 Nxb5 15. cxb5
Ra5 16. a4 Rfa8 17. Nbd2 g5 18. Bg3 Nh5 19. h4 Nxg3 20. Kh2 Nxf1+ 21. Qxf1 Rxa4
22. Rb1 g4 23. g3 gxf3 24. Nxf3 Bg4 25. Nd2 Ba5 26. Nc4 Be6 27. Qe2 Bxc4 28.
dxc4 Qe6 29. Rc1 Bb6 30. Kg2 Rb4 31. Qd3 Raa4 32. Qe2 Rxc4 33. Rxc4 Qxc4 34.
Qg4+ Kf8 35. Qf3 Qxe4 36. Qxe4 Rxe4 37. Kf3 Rb4 38. Kg2 Rb2 39. Kh3 Rxf2 40. Kg4
Rb2 41. Kf5 Kg7 42. h5 Rxb5 43. g4 Bd4 44. Ke4 Rb4 45. Kd5 Be3 46. g5 hxg5 47.
h6+ Kh8 48. h7 c6+ 49. Kxd6 e4 50. Ke7 f5 51. Kf6 f4 52. Kxg5 f3+ 53. Kg4 f2 0-1

[Event "AUTO-ADV-4519"]
[Site "http://www.queenalice.com/game.php?id=1764235"]
[Date "2021.7.11"]
[Round "1"]
[White "Tutankamon1"]
[Black "ebpap123"]
[Result "1-0"]
[WhiteElo "1809"]
[BlackElo "1860"]

1. e4 c5 2. Bc4 e6 3. d3 a6 4. a3 Nc6 5. Nf3 d6 6. d4 cxd4 7. Nxd4 Nxd4 8. Qxd4
Nf6 9. Bg5 Be7 10. O-O b5 11. Be2 O-O 12. e5 dxe5 13. Qxe5 Bb7 14. Rd1 Qe8 15.
Nc3 Nd7 16. Qg3 Bxg5 17. Qxg5 Nf6 18. Qg3 Qe7 19. Rd3 Rfd8 20. Qg5 Re8 21. Bf3
Bxf3 22. Rxf3 Kh8 23. Re1 Rad8 24. Rg3 g6 25. Rh3 h5 26. Rf3 Ng8 27. Qxe7 Rxe7
28. h3 Nh6 29. Rd1 Rxd1+ 30. Nxd1 e5 31. Ne3 Rd7 32. Rf6 Ra7 33. b4 Kg7 34. Rc6
f6 35. Nd5 f5 36. Rc7+ Rxc7 37. Nxc7 Kf7 38. Nxa6 Ke7 39. Nc7 Kd6 40. Nxb5+ Kc6
41. Nc3 Nf7 42. f3 Nd6 43. Kf2 Nc4 44. a4 Na3 45. b5+ Kc5 46. a5 Nxc2 47. b6 Kc6
48. Nd5 e4 49. Ne7+ Kb7 50. Nxg6 exf3 51. Kxf3 Nd4+ 52. Ke3 Nb3 53. Kf4 Nxa5 54.
Kxf5 Kxb6 55. g3 Nc6 56. Kg5 Nd4 57. Kxh5 Kc6 58. Kg5 Ne6+ 59. Kf6 Nd4 60. h4
1-0

[Event "AUTO-ADV-4519"]
[Site "http://www.queenalice.com/game.php?id=1764236"]
[Date "2021.7.11"]
[Round "1"]
[White "ebpap123"]
[Black "Tutankamon1"]
[Result "1/2-1/2"]
[WhiteElo "1862"]
[BlackElo "1807"]

1. e4 e5 2. Nf3 d6 3. d4 Bg4 4. Be2 Qf6 5. c3 Bxf3 6. Bxf3 Nc6 7. Be3 exd4 8.
cxd4 Nge7 9. Nc3 Ng6 10. Nb5 Qd8 11. O-O a6 12. Nc3 Be7 13. Qd2 O-O 14. Nd5 Nh4
15. Nxe7+ Nxe7 16. Be2 Nc6 17. Bg5 f6 18. Bxh4 Re8 19. Bf3 Qd7 20. Bg3 Nd8 21.
b3 Nf7 22. Rfe1 Ng5 23. Qd3 Rad8 24. Bh4 Nxf3+ 25. Qxf3 Qe7 26. h3 h6 27. Bg3 b5
28. Qd1 c5 29. dxc5 dxc5 30. Qc2 Rd4 31. f3 Red8 32. Red1 Qd7 33. Rxd4 Qxd4+ 34.
Kh2 Qxa1 35. Qxc5 Qxa2 36. Qc3 Rd2 37. h4 Rxg2+ 38. Kh3 Qe2 39. Qc8+ Kh7 40.
Qf5+ Kh8 41. Qc8+ Kh7 42. Qf5+ Kg8 43. Qc8+ Kh7 1/2-1/2

[Event "AUTO-ADV-4519"]
[Site "http://www.queenalice.com/game.php?id=1764237"]
[Date "2021.7.11"]
[Round "1"]
[White "Tutankamon1"]
[Black "Nille"]
[Result "0-1"]
[WhiteElo "1807"]
[BlackElo "1768"]

1. e4 e5 2. Nf3 d6 3. d4 exd4 4. Nxd4 h6 5. Nc3 Nf6 6. Bc4 a6 7. O-O b5 8. Be2
c5 9. Nf3 Nc6 10. Bf4 Be7 11. h3 Bb7 12. e5 dxe5 13. Nxe5 Qxd1 14. Rfxd1 O-O 15.
Nxc6 Bxc6 16. f3 b4 17. Nb1 Nd5 18. Bg3 Bf6 19. c3 bxc3 20. Nxc3 Nxc3 21. bxc3
Bxc3 22. Rac1 Bd4+ 23. Kh2 Bd5 24. a4 Rfe8 25. Rd2 Bb3 26. Rd3 Bxa4 27. Bf1 Bb5
28. Rb3 Bxf1 29. Rxf1 a5 30. Bf2 a4 31. Ra3 Re2 32. Bg3 c4 33. Rd1 Bb2 34. Ra2
c3 35. Be5 Rxe5 36. Rd4 a3 37. f4 Re2 38. Rc4 Rd2 39. Rc6 c2 40. h4 Re8 41. Kh3
Ree2 42. g3 Rh2+ 43. Kg4 Rh1 44. f5 c1=Q 45. Rxc1 Rxc1 46. Kf4 Be5+ 47. Kxe5 f6+
48. Ke6 Rxa2 0-1

[Event "AUTO-ADV-4519"]
[Site "http://www.queenalice.com/game.php?id=1764238"]
[Date "2021.7.11"]
[Round "1"]
[White "Nille"]
[Black "Tutankamon1"]
[Result "1-0"]
[WhiteElo "1832"]
[BlackElo "1789"]

1. e4 e5 2. Nf3 d6 3. Bc4 h6 4. h3 Nf6 5. Nc3 a6 6. d3 Be7 7. a3 Nc6 8. b4 b5 9.
Ba2 O-O 10. O-O Qe8 11. Bb2 Bd8 12. Nd5 Nxd5 13. Bxd5 Bd7 14. c4 bxc4 15. dxc4
Rb8 16. Qd2 Qe7 17. Rab1 Qf6 18. b5 axb5 19. cxb5 Ne7 20. a4 Bxh3 21. Qe3 Bg4
22. Nh2 Be6 23. Bxe6 Qxe6 24. Ba3 Nc8 25. a5 c5 26. b6 Qd7 27. Rfd1 Qb7 28. Rd5
Ne7 29. Rxd6 Nc8 30. Rd5 Bg5 31. Qxc5 Be7 32. Qc3 Nd6 33. Rxe5 Nxe4 34. Rxe4
Qxe4 35. Re1 Qd5 36. Rxe7 Rbc8 37. Qb4 Rce8 38. Qe1 Rxe7 39. Qxe7 Qd1+ 40. Nf1
Rd8 41. b7 Rb8 42. a6 Qa4 43. Qd6 Qa5 44. Qxb8+ Kh7 45. Qd6 Qb5 46. b8=Q 1-0

[Event "AUTO-ADV-4490"]
[Site "http://www.queenalice.com/game.php?id=1773281"]
[Date "2021.10.26"]
[Round "2"]
[White "Tutankamon1"]
[Black "ebpap123"]
[Result "0-1"]
[WhiteElo "1760"]
[BlackElo "1820"]

1. e4 c5 2. Nf3 d6 3. Bc4 e6 4. d3 a6 5. Nc3 Nc6 6. Be3 Nf6 7. O-O Be7 8. h3 b5
9. Bxb5 axb5 10. Nxb5 Ba6 11. Nc3 O-O 12. a3 Rb8 13. b3 d5 14. e5 Nd7 15. a4 d4
16. Bd2 dxc3 17. Bxc3 Qc7 0-1

[Event "AUTO-ADV-4490"]
[Site "http://www.queenalice.com/game.php?id=1773282"]
[Date "2021.10.26"]
[Round "2"]
[White "ebpap123"]
[Black "Tutankamon1"]
[Result "0-1"]
[WhiteElo "1804"]
[BlackElo "1741"]

1. e4 e5 2. Nf3 d6 3. d4 Bg4 4. Be2 exd4 5. Nxd4 Bxe2 6. Nxe2 Nf6 7. Ng3 Nc6 8.
O-O Qe7 9. Re1 Qe5 10. Nc3 Be7 11. Be3 O-O 12. Bd4 Nxd4 0-1